000 00672cab a2200205 4500
001 ABS39427
008 090401t1988 xxu||||| |||| 00| 0 eng d
035 _a(Sirsi) u16621
041 _aeng
100 _aRatcliffe, C.
245 _aNorthern Ireland
260 _c1988
350 _a0
490 _aShop Property
_vJune 1988, 51-59(6)
520 _aReports on continuing strong demand from both Irish and English retailers for prime pitches in Belfast . Includes information on retail warehouses and concludes with a review of activity in Lisburn .
650 _aSHOPPING CENTRES
690 _aPROPERTY-COMMERCIAL PROPERTY
942 _n0
948 _c04/03/1997
999 _c10968
_d10968